[Event "Barcelona Sant Marti op-B 23rd"]
[Site "Barcelona"]
[Date "2023.07.14"]
[Round "2"]
[White "Cervera Lopez, Miguel"]
[Black "Garcia Quevedo, Jose"]
[Result "1/2-1/2"]
[WhiteElo "1599"]
[BlackElo "1759"]
[PlyCount "39"]
[EventDate "2023.07.13"]
[EventType "swiss"]
[EventRounds "9"]
[EventCountry "ESP"]
[SourceTitle "CBM 215 Extra"]
[Source "ChessBase"]
[SourceDate "2023.09.30"]
[SourceVersion "1"]
[SourceVersionDate "2023.09.30"]
[SourceQuality "1"]

1. d4 Nf6 2. c4 e6 3. Bg5 h6 4. Bd2 b6 5. Nc3 Bb7 6. Nf3 Be7 7. e3 0-0 8. Bd3 d5 9. cxd5 exd5 10. 0-0 Nbd7 11. Ne2 Ne4 12. Ng3 Nxg3 13. fxg3 Nf6 14. Ne5 Ne4 15. Bxe4 dxe4 16. Qh5 Bf6 17. Bc3 Bxe5 18. Qxe5 Qd6 19. Qf4 Qxf4 20. gxf4 1/2-1/2

[Event "Barcelona Sant Marti op-B 22nd"]
[Site "Barcelona"]
[Date "2022.07.20"]
[Round "8"]
[White "Silva Cerda, Mark Valentin"]
[Black "Garcia Quevedo, Jose"]
[Result "1-0"]
[WhiteElo "1308"]
[BlackElo "1826"]
[PlyCount "55"]
[EventDate "2022.07.13"]
[EventType "swiss"]
[EventRounds "9"]
[EventCountry "ESP"]
[SourceTitle "CBM 210 Extra"]
[Source "ChessBase"]
[SourceDate "2022.11.30"]
[SourceVersion "1"]
[SourceVersionDate "2022.11.30"]
[SourceQuality "1"]

1. d4 Nf6 2. c4 e6 3. Nc3 Bb4 4. Qc2 c5 5. dxc5 0-0 6. Bf4 Nc6 7. Bd6 Re8 8. e3 b6 9. a3 Bxc3+ 10. Qxc3 bxc5 11. Bd3 Qb6 12. Nf3 Bb7 13. Bg3 d5 14. cxd5 exd5 15. 0-0 Rac8 16. Qc2 h6 17. Bf5 Rcd8 18. Rac1 c4 19. Bh4 Ne7 20. Bh3 Ng6 21. Bg3 Ne4 22. Nd4 Nxg3 23. hxg3 Ne5 24. b3 Qc5 25. Ra1 Ba6 26. Rfd1 Nd3 27. Rxd3 Qxd4 28. Rxd4 1-0

[Event "Barcelona Sant Marti op-B 22nd"]
[Site "Barcelona"]
[Date "2022.07.18"]
[Round "6"]
[White "Ritter Aguilar, Jordi"]
[Black "Garcia Quevedo, Jose"]
[Result "1/2-1/2"]
[WhiteElo "1676"]
[BlackElo "1826"]
[PlyCount "97"]
[EventDate "2022.07.13"]
[EventType "swiss"]
[EventRounds "9"]
[EventCountry "ESP"]
[SourceTitle "CBM 210 Extra"]
[Source "ChessBase"]
[SourceDate "2022.11.30"]
[SourceVersion "1"]
[SourceVersionDate "2022.11.30"]
[SourceQuality "1"]

1. c4 Nf6 2. Nc3 e6 3. e4 d5 4. e5 d4 5. exf6 dxc3 6. bxc3 Qxf6 7. d4 c5 8. Nf3 h6 9. Bd3 cxd4 10. cxd4 Bb4+ 11. Bd2 Bxd2+ 12. Qxd2 0-0 13. 0-0 Rd8 14. Rad1 Nc6 15. Qe3 Bd7 16. Bb1 a6 17. d5 exd5 18. cxd5 Ne7 19. d6 Nf5 20. Qe5 Qxe5 21. Nxe5 Be6 22. Bxf5 Bxf5 23. Rd2 Rac8 24. f4 Kf8 25. g4 Bd7 26. Rf3 f6 27. Ng6+ Kf7 28. f5 Rc4 29. h3 Re4 30. Kf2 Bc6 31. Re3 Rd7 32. Ne7 Rxe3 33. Kxe3 Bb5 34. Ng6 Bc6 35. Nf4 Bb5 36. Ne6 b6 37. Nf4 Bc6 38. Ne6 Bb5 39. Rd4 Bc6 40. a4 Bg2 41. h4 Ba8 42. Rc4 Bd5 43. Rb4 Bxe6 44. fxe6+ Kxe6 45. Rxb6 Rxd6 46. Rb7 Rd7 47. Rb6+ Rd6 48. Rb7 Rd7 49. Rb6+ 1/2-1/2

[Event "Barcelona Sant Marti op-B 22nd"]
[Site "Barcelona"]
[Date "2022.07.16"]
[Round "4"]
[White "Santolaria Pena, Manel"]
[Black "Garcia Quevedo, Jose"]
[Result "1/2-1/2"]
[WhiteElo "1595"]
[BlackElo "1826"]
[PlyCount "62"]
[EventDate "2022.07.13"]
[EventType "swiss"]
[EventRounds "9"]
[EventCountry "ESP"]
[SourceTitle "CBM 210 Extra"]
[Source "ChessBase"]
[SourceDate "2022.11.30"]
[SourceVersion "1"]
[SourceVersionDate "2022.11.30"]
[SourceQuality "1"]

1. d4 Nf6 2. Nf3 e6 3. e3 b6 4. Nbd2 Bb7 5. Bd3 d5 6. 0-0 Be7 7. c3 0-0 8. Re1 c5 9. Qe2 Ne4 10. Nf1 Nd7 11. N3d2 f5 12. f3 Nxd2 13. Nxd2 Nf6 14. e4 dxe4 15. fxe4 Re8 16. exf5 exf5 17. Qe6+ Kh8 18. Qxf5 cxd4 19. c4 Bc5 20. Rf1 Qc7 21. Nf3 Rad8 22. Bf4 Qd7 23. Qg5 Qg4 24. Qxg4 Nxg4 25. Ng5 Re7 26. Nxh7 Rde8 27. Ng5 Ne3 28. Rf2 Ng4 29. Rff1 Ne3 30. Rf2 Ng4 31. Rff1 Ne3 1/2-1/2

[Event "Barcelona Sant Marti op-B 21st"]
[Site "Barcelona"]
[Date "2019.07.19"]
[Round "7"]
[White "Garcia Ruiz, Adrian"]
[Black "Garcia Quevedo, Jose"]
[Result "1-0"]
[WhiteElo "1929"]
[BlackElo "1867"]
[PlyCount "147"]
[EventDate "2019.07.13"]
[EventType "swiss"]
[EventRounds "9"]
[EventCountry "ESP"]
[SourceTitle "EXT 2020"]
[Source "ChessBase"]
[SourceDate "2019.10.17"]
[SourceVersion "1"]
[SourceVersionDate "2019.10.17"]
[SourceQuality "1"]

1. e4 c5 2. Nf3 d6 3. d4 cxd4 4. Nxd4 Nf6 5. Nc3 a6 6. Be3 e6 7. g4 h6 8. f3 Nc6 9. Qd2 Qc7 10. 0-0-0 Nxd4 11. Bxd4 b5 12. Kb1 Bb7 13. Bd3 Rc8 14. h4 b4 15. Ne2 d5 16. e5 Ne4 17. Bxe4 dxe4 18. f4 Be7 19. Rh3 Bd5 20. f5 a5 21. Nf4 a4 22. fxe6 Bxe6 23. Nxe6 fxe6 24. Qe2 Qc6 25. b3 axb3 26. axb3 0-0 27. Bb2 Rc7 28. Rh2 Rf3 29. Rd4 Qc5 30. Qxe4 Rf1+ 31. Bc1 Ra7 32. c4 Qa5 33. Kc2 Rxc1+ 34. Kxc1 Qa1+ 35. Kd2 Qb2+ 36. Ke3 Qxh2 37. Qg6 Qg3+ 38. Ke4 Qe1+ 39. Kf4 Qf2+ 40. Ke4 Qc2+ 41. Rd3 Qg2+ 42. Rf3 Qe2+ 43. Re3 Qc2+ 44. Rd3 Bf8 45. Qxe6+ Kh8 46. Qf5 Ra8 47. g5 Rd8 48. Qf3 Qxd3+ 49. Qxd3 Rxd3 50. Kxd3 h5 51. Ke4 g6 52. Kd5 Kg8 53. e6 Be7 54. c5 Kf8 55. c6 Bd8 56. Kd6 Ke8 57. c7 Bxc7+ 58. Kxc7 Ke7 59. Kc6 Kxe6 60. Kc5 Kf5 61. Kxb4 Kg4 62. Kc4 Kxh4 63. b4 Kxg5 64. b5 h4 65. b6 Kf4 66. b7 Kg3 67. b8Q+ Kg2 68. Qb2+ Kg3 69. Qf6 h3 70. Qxg6+ Kh2 71. Kd3 Kh1 72. Qe4+ Kg1 73. Qg4+ Kh2 74. Ke3 1-0

[Event "Barcelona Sant Marti op-B 21st"]
[Site "Barcelona"]
[Date "2019.07.18"]
[Round "6"]
[White "Garcia Quevedo, Jose"]
[Black "Fernandez Climent, Albert"]
[Result "1-0"]
[WhiteElo "1867"]
[BlackElo "1684"]
[PlyCount "71"]
[EventDate "2019.07.13"]
[EventType "swiss"]
[EventRounds "9"]
[EventCountry "ESP"]
[SourceTitle "EXT 2020"]
[Source "ChessBase"]
[SourceDate "2019.10.17"]
[SourceVersion "1"]
[SourceVersionDate "2019.10.17"]
[SourceQuality "1"]

1. d4 Nf6 2. c4 g6 3. f3 Bg7 4. e4 0-0 5. Nc3 d6 6. Bg5 h6 7. Be3 e5 8. d5 c6 9. Qd2 Kh7 10. Nge2 cxd5 11. cxd5 a6 12. a4 Nh5 13. g4 Nf4 14. Nxf4 exf4 15. Bxf4 f5 16. gxf5 gxf5 17. Bd3 fxe4 18. Nxe4 Bf5 19. Rg1 Bd4 20. Rg2 Rg8 21. Rxg8 Kxg8 22. Nxd6 Bxd3 23. Qxd3 Qa5+ 24. Ke2 Qxd5 25. Rg1+ Kf8 26. Bxh6+ Ke7 27. Nf5+ Ke8 28. Qxd4 Qxf5 29. Rg8+ Ke7 30. Qd8+ Ke6 31. Re8+ Kf7 32. Rf8+ Kg6 33. Qd6+ Kh7 34. Rxf5 Nc6 35. Rf7+ Kg8 36. Qg6+ 1-0

[Event "Barcelona Sant Marti op-B 21st"]
[Site "Barcelona"]
[Date "2019.07.17"]
[Round "5"]
[White "Vargas Rodriguez, Gabriel"]
[Black "Garcia Quevedo, Jose"]
[Result "0-1"]
[WhiteElo "1703"]
[BlackElo "1867"]
[PlyCount "78"]
[EventDate "2019.07.13"]
[EventType "swiss"]
[EventRounds "9"]
[EventCountry "ESP"]
[SourceTitle "EXT 2020"]
[Source "ChessBase"]
[SourceDate "2019.10.17"]
[SourceVersion "1"]
[SourceVersionDate "2019.10.17"]
[SourceQuality "1"]

1. d4 Nf6 2. Nf3 e6 3. g3 d5 4. Bg2 Be7 5. 0-0 0-0 6. c4 c6 7. Nc3 b6 8. Nd2 Bb7 9. e4 Na6 10. e5 Ne8 11. cxd5 exd5 12. h4 Nac7 13. Kh2 Ne6 14. Nf3 c5 15. Be3 g6 16. h5 N8g7 17. hxg6 hxg6 18. Qd2 Nf5 19. Ne2 Nxe3 20. Qxe3 Kg7 21. Rh1 Rh8+ 22. Kg1 Rxh1+ 23. Bxh1 Ng5 24. Nxg5 Bxg5 25. f4 Be7 26. Qd2 Qd7 27. Bg2 Qg4 28. Qd3 cxd4 29. Nxd4 Bc5 30. Kf2 Ba6 31. Qd1 Qd7 32. a3 Rh8 33. b4 Bxd4+ 34. Qxd4 Qe6 35. Bxd5 Rh2+ 36. Kf3 Be2+ 37. Ke3 Qg4 38. Rg1 Bb5 39. Bf3 Re2+ 0-1

[Event "Barcelona Sant Marti op-B 20th"]
[Site "Barcelona"]
[Date "2018.07.21"]
[Round "9"]
[White "Zubimendi Felip, Ricard"]
[Black "Garcia Quevedo, Jose"]
[Result "0-1"]
[WhiteElo "1752"]
[BlackElo "1864"]
[PlyCount "54"]
[EventDate "2018.07.13"]
[EventType "swiss"]
[EventRounds "9"]
[EventCountry "ESP"]
[SourceTitle "EXT 2019"]
[Source "ChessBase"]
[SourceDate "2018.10.10"]
[SourceVersion "1"]
[SourceVersionDate "2018.10.10"]
[SourceQuality "1"]

1. e4 c5 2. Nf3 d6 3. Nc3 Nf6 4. d4 cxd4 5. Nxd4 a6 6. Be2 e6 7. Be3 Be7 8. Qd2 Qc7 9. 0-0 0-0 10. f4 b5 11. a3 Bb7 12. Bd3 Nbd7 13. Nde2 Nc5 14. Ng3 Rac8 15. e5 dxe5 16. fxe5 Qxe5 17. Rae1 Qc7 18. Bd4 Nxd3 19. cxd3 Rfd8 20. Bxf6 Bxf6 21. Rxf6 gxf6 22. Qh6 Qc5+ 23. Kh1 Qg5 24. Qh3 Rxd3 25. Rf1 f5 26. Nce2 Rc2 27. Kg1 Rxe2 0-1

[Event "Barcelona Sant Marti op-B 20th"]
[Site "Barcelona"]
[Date "2018.07.17"]
[Round "5"]
[White "Gorti, Atmika"]
[Black "Garcia Quevedo, Jose"]
[Result "1/2-1/2"]
[WhiteElo "1712"]
[BlackElo "1864"]
[PlyCount "70"]
[EventDate "2018.07.13"]
[EventType "swiss"]
[EventRounds "9"]
[EventCountry "ESP"]
[SourceTitle "EXT 2019"]
[Source "ChessBase"]
[SourceDate "2018.10.10"]
[SourceVersion "1"]
[SourceVersionDate "2018.10.10"]
[SourceQuality "1"]

1. e4 c5 2. c3 g6 3. d4 cxd4 4. cxd4 d5 5. e5 Nc6 6. Nc3 Bg7 7. Nf3 Nh6 8. Qb3 e6 9. Be3 0-0 10. Bd3 f6 11. exf6 Qxf6 12. 0-0 Nf5 13. Ne2 a6 14. Rac1 Kh8 15. Rfd1 Nxe3 16. fxe3 Bh6 17. Bc2 Rd8 18. Rf1 Qe7 19. Nf4 Kg8 20. Rce1 Na5 21. Qc3 Nc4 22. b3 Nd6 23. Ne5 Bd7 24. Qd2 Rac8 25. Rf3 Bg7 26. Nxd7 Qxd7 27. Bd3 Rf8 28. Rh3 Nf5 29. Bxf5 exf5 30. Qa5 Rfd8 31. Rf3 Qc6 32. Rff1 Qc3 33. Qb6 Qc6 34. Qa5 Qc3 35. Qb6 Qc6 1/2-1/2

[Event "Barcelona Sant Marti op-B 20th"]
[Site "Barcelona"]
[Date "2018.07.15"]
[Round "3"]
[White "Cabrera Ojeda, Roberto"]
[Black "Garcia Quevedo, Jose"]
[Result "0-1"]
[WhiteElo "1652"]
[BlackElo "1864"]
[PlyCount "69"]
[EventDate "2018.07.13"]
[EventType "swiss"]
[EventRounds "9"]
[EventCountry "ESP"]
[SourceTitle "EXT 2019"]
[Source "ChessBase"]
[SourceDate "2018.10.10"]
[SourceVersion "1"]
[SourceVersionDate "2018.10.10"]
[SourceQuality "1"]

1. e4 c5 2. Nc3 Nc6 3. g3 g6 4. Bg2 Bg7 5. d3 e6 6. f4 Nge7 7. Nf3 0-0 8. Be3 b6 9. d4 cxd4 10. Nxd4 Bb7 11. 0-0 Rc8 12. Rb1 Nxd4 13. Bxd4 Bxd4+ 14. Qxd4 d5 15. e5 Nf5 16. Qd3 Qc7 17. Kh1 h5 18. Rf2 Qc5 19. Re2 Kg7 20. h3 h4 21. g4 Ng3+ 22. Kh2 Nxe2 23. Qxe2 Qc4 24. Qf2 Rh8 25. Rf1 Rc7 26. f5 g5 27. Qe3 Kh6 28. fxe6 f5 29. gxf5 d4 30. Qe2 Bxg2 31. Qxc4 Rxc4 32. Rg1 dxc3 33. b3 Re4 34. Rxg2 Rxe5 35. Rf2 0-1

[Event "Barcelona Sant Marti op-B 19th"]
[Site "Barcelona"]
[Date "2017.07.15"]
[Round "3"]
[White "Valbuena Castro, Gregorio"]
[Black "Garcia Quevedo, Jose"]
[Result "0-1"]
[WhiteElo "1682"]
[BlackElo "1882"]
[PlyCount "62"]
[EventDate "2017.07.13"]
[EventType "swiss"]
[EventRounds "9"]
[EventCountry "ESP"]
[SourceTitle "EXT 2018"]
[Source "ChessBase"]
[SourceDate "2017.10.13"]
[SourceVersion "1"]
[SourceVersionDate "2017.10.13"]
[SourceQuality "1"]

1. e4 c5 2. b4 cxb4 3. d4 e6 4. Nf3 Nf6 5. Bd3 Nc6 6. a3 d5 7. e5 Ne4 8. 0-0 Be7 9. axb4 Nxb4 10. Bxe4 dxe4 11. Ne1 Bd7 12. c3 Na6 13. Qg4 g6 14. f3 f5 15. exf6 Bxf6 16. fxe4 e5 17. Qf3 0-0 18. Ba3 Be7 19. Qg3 Rxf1+ 20. Kxf1 Bb5+ 21. Kg1 exd4 22. Qe5 Bxa3 23. Nxa3 Bc6 24. cxd4 Qf8 25. d5 Bd7 26. Nf3 Re8 27. Qd4 Bg4 28. Qxa7 Bxf3 29. gxf3 Qxf3 30. Qxb7 Qe3+ 31. Kh1 Qxe4+ 0-1

[Event "Barcelona Sant Marti op-B 19th"]
[Site "Barcelona"]
[Date "2017.07.14"]
[Round "2"]
[White "Garcia Quevedo, Jose"]
[Black "Romero Funieles, Rafael de Jesus"]
[Result "1/2-1/2"]
[WhiteElo "1882"]
[BlackElo "1683"]
[PlyCount "86"]
[EventDate "2017.07.13"]
[EventType "swiss"]
[EventRounds "9"]
[EventCountry "ESP"]
[SourceTitle "EXT 2018"]
[Source "ChessBase"]
[SourceDate "2017.10.13"]
[SourceVersion "1"]
[SourceVersionDate "2017.10.13"]
[SourceQuality "1"]

1. d4 d6 2. c4 e6 3. Nc3 Be7 4. e4 e5 5. d5 Nf6 6. f3 c6 7. Be3 a6 8. a4 cxd5 9. cxd5 Nh5 10. Qd2 Nd7 11. Bd3 b6 12. Nge2 Nc5 13. Bc2 Bh4+ 14. g3 Be7 15. 0-0 h6 16. f4 exf4 17. Nxf4 Nxf4 18. Bxf4 0-0 19. Rae1 Bh3 20. Rf2 Nd7 21. e5 dxe5 22. Bxh6 Bc5 23. Be3 f5 24. Bxc5 bxc5 25. d6 Rb8 26. Bd3 Rb4 27. Bxa6 Rd4 28. Qc2 c4 29. Nb5 Re4 30. Rxe4 fxe4 31. Nc7 Rxf2 32. Qxf2 Qg5 33. Bxc4+ Kh8 34. Nd5 Qc1+ 35. Bf1 Bxf1 36. Qxf1 Qc5+ 37. Kh1 Qxd5 38. Qh3+ Kg8 39. Qxd7 e3+ 40. Kg1 Qd1+ 41. Kg2 e2 42. Qe8+ Kh7 43. Qh5+ Kg8 1/2-1/2

[Event "Barcelona Puig Memorial op 2nd"]
[Site "Barcelona"]
[Date "2016.11.30"]
[Round "9"]
[White "Garcia Quevedo, Jose"]
[Black "Mateu Farre, Josep Maria"]
[Result "1/2-1/2"]
[WhiteElo "1858"]
[BlackElo "1972"]
[PlyCount "45"]
[EventDate "2016.09.28"]
[EventType "swiss"]
[EventRounds "9"]
[EventCountry "ESP"]
[SourceTitle "EXT 2018"]
[Source "ChessBase"]
[SourceDate "2017.10.13"]
[SourceVersion "1"]
[SourceVersionDate "2017.10.13"]
[SourceQuality "1"]

1. d4 d5 2. c4 e6 3. Nc3 Be7 4. cxd5 exd5 5. Bf4 Nf6 6. e3 0-0 7. Qc2 c5 8. dxc5 Bxc5 9. Nf3 Nc6 10. Be2 d4 11. exd4 Bxd4 12. 0-0 Qa5 13. Nxd4 Nxd4 14. Qd3 Rd8 15. Qg3 Ne4 16. Qe3 Nxc3 17. bxc3 Qxc3 18. Bd3 Bg4 19. Rfe1 Nf5 20. Bxf5 Qxe3 21. Bxe3 Bxf5 22. Rac1 Rd7 23. a3 1/2-1/2

[Event "Barcelona Tupinamba op 8th"]
[Site "Barcelona"]
[Date "2013.04.03"]
[Round "3"]
[White "Vallbona Domingo, Joan"]
[Black "Garcia Quevedo, Jose"]
[Result "1-0"]
[WhiteElo "2009"]
[BlackElo "1845"]
[PlyCount "55"]
[EventDate "2013.03.13"]
[EventType "swiss"]
[EventRounds "9"]
[EventCountry "ESP"]
[SourceTitle "EXT 2014"]
[Source "ChessBase"]
[SourceDate "2013.11.20"]
[SourceVersion "1"]
[SourceVersionDate "2013.11.20"]
[SourceQuality "1"]

1. d4 Nf6 2. c4 e6 3. g3 c6 4. Bg2 d5 5. Nf3 Be7 6. Qc2 0-0 7. 0-0 Nbd7 8. Nbd2 Rb8 9. Rd1 b5 10. b3 Qb6 11. c5 Qc7 12. b4 a5 13. Nb3 Qa7 14. Nxa5 Bb7 15. Bf4 Ra8 16. a4 Qa6 17. Bf1 Bd8 18. e3 Bxa5 19. axb5 cxb5 20. Rxa5 Qc6 21. Bxb5 Qc8 22. Rxa8 Bxa8 23. Qa4 h6 24. Bd6 Rd8 25. Be7 Re8 26. Bxf6 Nxf6 27. Bxe8 Nxe8 28. Ra1 1-0

[Event "Barcelona Sants op 11th"]
[Site "Barcelona"]
[Date "2009.07.20"]
[Round "8"]
[White "Carmona Gimeno, Javier"]
[Black "Garcia Quevedo, Jose"]
[Result "1-0"]
[WhiteElo "1780"]
[BlackElo "1824"]
[PlyCount "75"]
[EventDate "2009.07.13"]
[EventType "swiss"]
[EventRounds "9"]
[EventCountry "ESP"]
[SourceTitle "CBM 131 Extra"]
[Source "ChessBase"]
[SourceDate "2009.09.03"]
[SourceVersion "2"]
[SourceVersionDate "2009.09.16"]
[SourceQuality "1"]

1. e4 c5 2. Nf3 d6 3. d4 cxd4 4. Nxd4 Nf6 5. Nc3 a6 6. Be3 e6 7. f3 Be7 8. Qd2 Qc7 9. 0-0-0 Nc6 10. g4 b5 11. h4 Bb7 12. Kb1 Rc8 13. Bd3 Ne5 14. g5 Nfd7 15. f4 Nc4 16. Bxc4 Qxc4 17. f5 e5 18. Nde2 Bxe4 19. Nxe4 Qxe4 20. Rdf1 Qc4 21. Nc3 Qc6 22. Nd5 Bd8 23. Rd1 0-0 24. h5 Re8 25. f6 gxf6 26. gxf6 Bxf6 27. Bh6 Kh8 28. Nxf6 Nxf6 29. Qg5 Nxh5 30. Qxh5 Qxc2+ 31. Ka1 Qg6 32. Rdg1 Qxh5 33. Bg7+ Kg8 34. Rxh5 Re6 35. Bf6+ Kf8 36. Rxh7 Ke8 37. Rg8+ Kd7 38. Rxf7+ 1-0

[Event "Barcelona Sants op 11th"]
[Site "Barcelona"]
[Date "2009.07.19"]
[Round "7"]
[White "Garcia Quevedo, Jose"]
[Black "Sanchez Ibern, Eric"]
[Result "0-1"]
[WhiteElo "1824"]
[BlackElo "2107"]
[PlyCount "84"]
[EventDate "2009.07.13"]
[EventType "swiss"]
[EventRounds "9"]
[EventCountry "ESP"]
[SourceTitle "CBM 131 Extra"]
[Source "ChessBase"]
[SourceDate "2009.09.03"]
[SourceVersion "2"]
[SourceVersionDate "2009.09.16"]
[SourceQuality "1"]

1. d4 Nf6 2. c4 g6 3. Nc3 d5 4. cxd5 Nxd5 5. e4 Nxc3 6. bxc3 Bg7 7. Bc4 c5 8. Be3 Nc6 9. Ne2 0-0 10. Rc1 Qa5 11. Kf1 b5 12. Bd5 Bb7 13. Bxc6 Bxc6 14. d5 Rfd8 15. Qc2 Bb7 16. Bxc5 e6 17. dxe6 fxe6 18. Qb3 Kh8 19. f3 e5 20. Be3 Rd3 21. Kf2 Bxe4 22. Rhd1 Rad8 23. Rxd3 Bxd3 24. Rd1 Bc4 25. Rxd8+ Qxd8 26. Qc2 Qh4+ 27. Ng3 Qxh2 28. Bxa7 Bf6 29. Qe4 Qh4 30. Qxh4 Bxh4 31. Bb8 e4 32. fxe4 Bxa2 33. Kf3 Kg8 34. e5 Bd5+ 35. Kg4 Bd8 36. Kh3 Ba5 37. Ne2 Bc4 38. Nf4 Bxc3 39. Kg4 b4 40. e6 b3 41. e7 Kf7 42. Bd6 b2 0-1

[Event "Barcelona Sants op 11th"]
[Site "Barcelona"]
[Date "2009.07.17"]
[Round "5"]
[White "Garcia Quevedo, Jose"]
[Black "Fernandez Diaz Mascort, Miguel"]
[Result "1/2-1/2"]
[WhiteElo "1824"]
[BlackElo "2203"]
[PlyCount "69"]
[EventDate "2009.07.13"]
[EventType "swiss"]
[EventRounds "9"]
[EventCountry "ESP"]
[SourceTitle "CBM 131 Extra"]
[Source "ChessBase"]
[SourceDate "2009.09.03"]
[SourceVersion "2"]
[SourceVersionDate "2009.09.16"]
[SourceQuality "1"]

1. d4 Nf6 2. c4 e6 3. Nc3 Bb4 4. f3 c5 5. a3 cxd4 6. axb4 dxc3 7. bxc3 d5 8. Bg5 h6 9. Bh4 Nbd7 10. cxd5 exd5 11. e3 0-0 12. Bd3 Re8 13. Qd2 Ne5 14. Ne2 Qb6 15. Bf2 Nc6 16. 0-0 Bd7 17. Nd4 Nxd4 18. cxd4 Bb5 19. Bxb5 Qxb5 20. Rfc1 b6 21. Rc7 a5 22. bxa5 Rxa5 23. Rxa5 bxa5 24. Rc5 Qb1+ 25. Rc1 Qb6 26. Ra1 Ra8 27. Be1 a4 28. Qb4 Qa6 29. Kf2 g5 30. Bd2 Kg7 31. Qb1 Qd6 32. h3 Ra6 33. Qb5 Rb6 34. Qxa4 h5 35. Qc2 1/2-1/2

[Event "Barcelona Sants op 11th"]
[Site "Barcelona"]
[Date "2009.07.13"]
[Round "1"]
[White "Gonzalez Valenzuela, Didac"]
[Black "Garcia Quevedo, Jose"]
[Result "1-0"]
[WhiteElo "2147"]
[BlackElo "1824"]
[PlyCount "105"]
[EventDate "2009.07.13"]
[EventType "swiss"]
[EventRounds "9"]
[EventCountry "ESP"]
[SourceTitle "CBM 131 Extra"]
[Source "ChessBase"]
[SourceDate "2009.09.03"]
[SourceVersion "2"]
[SourceVersionDate "2009.09.16"]
[SourceQuality "1"]

1. d4 Nf6 2. c4 e6 3. Nc3 Bb4 4. Qc2 c5 5. dxc5 0-0 6. Nf3 Bxc5 7. Bg5 h6 8. Bh4 d6 9. e3 Nbd7 10. Be2 a6 11. 0-0 Qc7 12. a3 Ba7 13. Rfd1 b6 14. Rac1 Bb7 15. Nd4 Bb8 16. b4 Ne5 17. Bxf6 gxf6 18. Ne4 Qe7 19. f4 Ng6 20. Bf3 Ra7 21. Qf2 f5 22. Ng3 Bxf3 23. Qxf3 Rc7 24. Ndxf5 exf5 25. Nxf5 Qe6 26. Qh5 Ne7 27. Nxh6+ Kg7 28. Ng4 Qg6 29. Qxg6+ fxg6 30. Rxd6 Nf5 31. Re6 Re7 32. Rxe7+ Nxe7 33. Rd1 Nf5 34. Kf2 Re8 35. g3 Re7 36. Kf3 Nh6 37. Nf2 Nf5 38. e4 Nd6 39. c5 bxc5 40. bxc5 Nb5 41. Rd3 Ba7 42. a4 Nc7 43. Ng4 Ne6 44. Rd6 Nxc5 45. Ne5 Nxa4 46. Rxg6+ Kh7 47. Rxa6 Nc5 48. Rc6 Ne6 49. Rc8 Nd4+ 50. Kg4 Rg7+ 51. Kh5 Ne6 52. Ng4 Bd4 53. e5 1-0